Reflexiones /
Na minha lista:
| Autor Corporativo: | |
|---|---|
| Formato: | Livro |
| Idioma: | Spanish |
| Publicado em: |
San José, Costa Rica:
Editorial de la Universidad de Costa Rica,
ago. 1992-
|
| Assuntos: | |
| Tags: |
Adicionar Tag
Sem tags, seja o primeiro a adicionar uma tag!
|
MARC
| LEADER | 00000nam a22000007a 4500 | ||
|---|---|---|---|
| 003 | cru CIDCACS/IIS | ||
| 005 | 20200925161401.0 | ||
| 007 | ta | ||
| 008 | 170803s1992 cr ||||| |||| 00| 0 spa d | ||
| 999 | |c 19529 |d 19529 | ||
| 040 | |c CRAI/IIS |a CRAI/IIS | ||
| 090 | |a REV0831 | ||
| 110 | 1 | |9 5075 |a Universidad de Costa Rica. |b Facultad de Ciencias Sociales | |
| 245 | 1 | |a Reflexiones / |c Universidad de Costa Rica. Facultad de Ciencias Sociales | |
| 260 | |a San José, Costa Rica: |b Editorial de la Universidad de Costa Rica, |c ago. 1992- | ||
| 270 | |a Decanato de Ciencias Sociales Ciudad Universitaria Rodrigo Facio |b San Pedro de Montes de Oca |c San José |d Costa Rica |e código 2060 |k 2511-4466 | ||
| 310 | |a Semestral | ||
| 500 | |a EXISTENCIAS: 1992 (1-5) 1993 (6-17) 1994 (18-29) 1995 (30-41) 1996 (42-53) 1997 (54-65) 1998 (66-77, 79) 2002 81(1-2) 2003 82(1-2) 2004 83(1) 2005 84(1-2) 2006 85 (1,2) 2007 86 (1,2) | ||
| 500 | |a CONTIENE CATALOGO: AGOSTO 92- JULIO 95 | ||
| 650 | 1 | 0 | |9 311 |a UNIVERSIDADES |
| 650 | 4 | |9 5076 |a GEOLOGIA | |
| 650 | 0 | |9 3063 |a EPOCA COLONIAL | |
| 650 | 4 | |9 5078 |a COMUNICACION DE MASAS | |
| 651 | 1 | 0 | |9 32 |a COSTA RICA |
| 651 | 1 | 0 | |9 17 |a AMERICA LATINA |
| 651 | 1 | 0 | |9 128 |a AMERICA CENTRAL |
| 942 | |2 ddc |c PP | ||
